Analýza údajov o študentoch

Gespeichert in:
Bibliographische Detailangaben
1. Verfasser: Kadeřábeková, Vanessa (Verfasst von)
Weitere Verfasser: Pištek, Peter (Betreuung Doktorarbeit)
Format: Manuskript Buch
Sprache:Slowakisch
Veröffentlicht: 2019
Schlagworte:
Online-Zugang:http://is.stuba.sk/zp/portal_zp.pl?podrobnosti=141082
Tags: Tag hinzufügen
Keine Tags, Fügen Sie das erste Tag hinzu!

MARC

LEADER 00000ntm a22000003a 4500
001 stuzp75141
003 SK-STU
005 20190729111647.1
007 ta
008 150427s2015----xo-----f-mn---000-0-slo-d
040 |a STU  |b slo 
041 0 |a slo 
044 |a xo 
100 1 |a Kadeřábeková, Vanessa  |u 070400  |4 aut  |U FIIT Fakulta informatiky a informačných technológií  |T FIIT Ústav počítačového inžinierstva a aplikovanej informatiky  |X 79582  |U I400  |Y 672  |7 79582 
242 0 1 |a Student data analysis  |y eng 
245 1 0 |a Analýza údajov o študentoch 
260 |c 2019 
300 |e Neobsahuje CD-rom 
650 4 |a štátne skušky  |2 slo 
650 4 |a údaje o študentoch  |2 slo 
650 4 |a štatistiky o študentoch  |2 slo 
650 4 |a students' data  |2 eng 
650 4 |a statistics  |2 eng 
650 4 |a state exams  |2 eng 
700 1 |a Pištek, Peter  |u 070400  |k Z1  |4 ths  |U FIIT Fakulta informatiky a informačných technológií  |T FIIT Ústav počítačového inžinierstva a aplikovanej informatiky  |X 20920  |U I400  |Y 672  |7 20920 
856 4 |u http://is.stuba.sk/zp/portal_zp.pl?podrobnosti=141082 
996 |c I*BAP58/19  |l II680  |s P  |a 0  |w stuzp75141_0001